A short histone H3 promoter from alfalfa specifies expression in S-phase cells and meristems

Elmentve itt :
Bibliográfiai részletek
Szerzők: Kapros Tamás
Stefanov Iván
Magyar Zoltán
Ocsovszki Imre
Dudits Dénes
Dokumentumtípus: Cikk
Megjelent: 1993
Sorozat:IN VITRO CELLULAR AND DEVELOPMENTAL BIOLOGY-PLANT 29P No. 1
Tárgyszavak:
doi:10.1007/BF02632235

mtmt:1904963
Online Access:http://publicatio.bibl.u-szeged.hu/32134
LEADER 00879nab a2200253 i 4500
001 publ32134
005 20250319171644.0
008 250319s1993 hu o 000 eng d
022 |a 1054-5476 
024 7 |a 10.1007/BF02632235  |2 doi 
024 7 |a 1904963  |2 mtmt 
040 |a SZTE Publicatio Repozitórium  |b hun 
041 |a eng 
100 1 |a Kapros Tamás 
245 1 2 |a A short histone H3 promoter from alfalfa specifies expression in S-phase cells and meristems  |h [elektronikus dokumentum] /  |c  Kapros Tamás 
260 |c 1993 
300 |a 27-32 
490 0 |a IN VITRO CELLULAR AND DEVELOPMENTAL BIOLOGY-PLANT  |v 29P No. 1 
650 4 |a Klinikai orvostan 
700 0 1 |a Stefanov Iván  |e aut 
700 0 1 |a Magyar Zoltán  |e aut 
700 0 1 |a Ocsovszki Imre  |e aut 
700 0 1 |a Dudits Dénes  |e aut 
856 4 0 |u http://publicatio.bibl.u-szeged.hu/32134/1/aok_klny_315_93.pdf  |z Dokumentum-elérés